[Event "ch-Euro Youth g18"]
[Site "Albena BUL"]
[Date "2011.09.15"]
[Round "5.15"]
[White "Turkova,K"]
[Black "Miladinovic,L"]
[Result "1-0"]
[WhiteElo "1981"]
[BlackElo "2094"]

1.e4 c5 2.Nf3 e6 3.d4 cxd4 4.Nxd4 Nc6 5.Nc3 Qc7 6.f4 Nxd4 7.Qxd4 a6 8.Be3 b5
9.Be2 Bb7 10.Bf3 Rc8 11.O-O h5 12.Rad1 Nf6 13.h3 h4 14.Rf2 Bc5 15.Qd3 Bxe3
16.Qxe3 Qc5 17.Qd3 b4 18.Na4 Qb5 19.b3 d5 20.exd5 Bxd5 21.Bxd5 Qxd3 22.Rxd3 Nxd5
23.Nb2 g6 24.Nc4 Ke7 25.Ne5 Rc7 26.Rd4 Rhc8 27.Nc4 Nc3 28.a4 bxa3 29.Nxa3 Nb5
30.Nxb5 axb5 31.Rdd2 Kf6 32.Kf1 Kf5 33.Ke1 Rc3 34.Kd1 Re3 35.Rd4 Rc5 36.Kd2 Rec3
37.Kd1 Re3 38.Kd2 Rec3 39.Kd1 f6 40.Re2 Rd5 41.Rxd5+ exd5 42.Rd2 Ke4 43.Rf2 d4
44.Kd2 b4 45.Re2+ Re3 46.Rf2 d3 47.c3 bxc3+ 48.Kxc3 Re1 49.b4 Rc1+ 50.Kd2 Rc4
51.b5 Rb4 52.Rf3 Rb2+ 53.Kc3 Rxb5 54.Rxd3 Rb3+  1-0

[Event "ch-Euro Youth b16"]
[Site "Albena BUL"]
[Date "2011.09.15"]
[Round "5.16"]
[White "Savitskiy,S"]
[Black "Kisic,B"]
[Result "1-0"]
[WhiteElo "2297"]
[BlackElo "1982"]

1.e4 c5 2.Nf3 e6 3.d4 cxd4 4.Nxd4 Nc6 5.Nc3 Qc7 6.Be3 a6 7.Qd2 Nf6 8.f3 Be7
9.O-O-O O-O 10.g4 b5 11.g5 Ne8 12.Nxc6 dxc6 13.h4 e5 14.Kb1 Be6 15.Qh2 a5
16.h5 a4 17.g6 h6 18.Bh3 Bxh3 19.Qxh3 f5 20.exf5 Nd6 21.f6 Rxf6 22.Ne4 Nxe4
23.fxe4 Rd8 24.a3 b4 25.axb4 Bxb4 26.Rdf1 Rfd6 27.Rf7 Qa5 28.Qf5 a3 29.Rxg7+  1-0

[Event "ch-Euro Youth b18"]
[Site "Albena BUL"]
[Date "2011.09.15"]
[Round "5.29"]
[White "Foster,JM"]
[Black "Ochsner,B"]
[Result "0-1"]
[WhiteElo "2018"]
[BlackElo "2252"]

1.e4 c5 2.Nf3 e6 3.d4 cxd4 4.Nxd4 Nc6 5.Nc3 Qc7 6.Be3 a6 7.Qd2 Nf6 8.f3 h5
9.O-O-O Be7 10.h3 b5 11.Be2 h4 12.g4 hxg3 13.Bf4 e5 14.Nxc6 dxc6 15.Bxg3 Nh5
16.Rdg1 Nxg3 17.Rxg3 g6 18.Kb1 Be6 19.Qe3 Qa5 20.b3 Bb4 21.Nd1 Rd8 22.Nb2 Bc3
23.f4 Bd4 24.Qf3 Rh4 25.fxe5 Qa3 26.c3 Bxe5 27.Rd1 Rxd1+ 28.Bxd1 Qd6 29.Rg4 Bxg4
30.hxg4 Rh2 31.Nd3 Bxc3 32.e5 Qd5 33.Qg3 Rg2 34.Qe3 Bd4 35.Qh6 Rg1 36.Kc1  0-1

[Event "ch-Euro Youth b14"]
[Site "Albena BUL"]
[Date "2011.09.15"]
[Round "5.3"]
[White "Alekseenko,K"]
[Black "Harutyunian,T"]
[Result "1/2-1/2"]
[WhiteElo "2303"]
[BlackElo "2201"]

1.e4 c5 2.Nf3 e6 3.d4 cxd4 4.Nxd4 Nc6 5.Nc3 Qc7 6.Be2 a6 7.O-O Nf6 8.Be3 Bb4
9.Na4 Be7 10.Nxc6 bxc6 11.Nb6 Rb8 12.Nxc8 Qxc8 13.e5 Nd5 14.Bc1 Bc5 15.c4 Ne7
16.b3 Qc7 17.Bb2 d6 18.exd6 Bxd6 19.g3 Be5 20.Bxe5 Qxe5 21.Bf3 c5 22.Qd2 Qc7
23.Rfd1 Nf5 24.Rab1 O-O 25.Be4 Rfd8 26.Qc3 Nd4 27.Qe3 a5 28.a3 Nxb3 29.Rxd8+ Qxd8
30.Qc3 a4 31.Kg2 Rb6 32.Bc2 Qa8+ 33.f3 Qb8 34.Qb2 g6 35.h4 h5 36.Qf6 e5 37.Qe7 Kg7
38.Be4 Qd6 39.Qe8 Ra6 40.Bd5 Qf6 41.Re1 Nd4 42.Rb1 Nb3 43.Re1 Nd4  1/2-1/2

[Event "2nd Zlatni Rat Open"]
[Site "Bol CRO"]
[Date "2011.09.15"]
[Round "7.5"]
[White "Dulic,G"]
[Black "Jovanic,O"]
[Result "0-1"]
[WhiteElo "2269"]
[BlackElo "2491"]

1.e4 c5 2.Nf3 e6 3.d4 cxd4 4.Nxd4 Nc6 5.Nc3 Qc7 6.Be3 a6 7.Qd2 Nf6 8.O-O-O Be7
9.f3 O-O 10.g4 b5 11.g5 Nh5 12.Nxc6 dxc6 13.f4 b4 14.Ne2 Rd8 15.Qe1 Rxd1+
16.Qxd1 g6 17.Bg2 e5 18.f5 gxf5 19.Ng3 Ng7 20.exf5 Nxf5 21.Nxf5 Bxf5 22.Qf3 Bg6
23.Qxc6 Rc8 24.Qxc7 Rxc7 25.c3 bxc3 26.Bd5 Bc5 27.Bxc5 Rxc5 28.Bb3 h6 29.h4 hxg5
30.hxg5 Kg7 31.Rg1 cxb2+ 32.Kxb2 e4 33.Rg3 a5 34.Bc2 Kf8 35.Rg4 Re5 36.Rg1 Ke7
37.Kc1 Rc5 38.Re1 Rxg5 39.Kd2 Rg2+ 40.Kc3 f5 41.Bb1 Kd6 42.Kd4 Rd2+ 43.Ke3 Rg2
44.Kd4 Rb2 45.Rg1 Rb4+ 46.Ke3 Ke5 47.Bc2 f4+ 48.Ke2 Bf5 49.Rg8 Rb2 50.Re8+ Kd4
51.Rd8+ Kc3  0-1

[Event "10th Istanbul Open A"]
[Site "Istanbul TUR"]
[Date "2011.09.15"]
[Round "5"]
[White "Annaberdiev,M"]
[Black "Neverov,V"]
[Result "0-1"]
[WhiteElo "2436"]
[BlackElo "2508"]

1.e4 c5 2.Nf3 Nc6 3.Nc3 e6 4.d4 cxd4 5.Nxd4 Qc7 6.Be3 Nf6 7.f4 Bb4 8.Nb5 Qa5
9.e5 Nd5 10.Bd2 Nxc3 11.Bxc3 O-O 12.Qd2 f6 13.exf6 Rxf6 14.a3 Bxc3 15.Nxc3 d5
16.g3 Bd7 17.O-O-O Be8 18.Bh3 b5 19.Na2 Qb6 20.f5 Rc8 21.Rhe1 e5 22.Nc3 d4
23.Nd5 Qc5 24.Nxf6+ gxf6 25.Re4 Na5 26.Kb1 Nc4 27.Rg4+ Kh8 28.Qh6 Nxa3+ 29.Ka1 Nxc2+
30.Kb1 Na3+ 31.Ka1 Qe7 32.Rg6 Nc2+ 33.Kb1 Ne3 34.Rxf6 Bf7 35.Rd6 Nxd1 36.f6 Qf8
37.Bxc8 Qxh6 38.Rd8+ Bg8 39.Be6 Qg6+ 40.Ka1 h5 41.f7 Qxe6 42.Rxg8+ Kh7 43.f8=Q Qxg8
44.Qf3 Qg6 45.Qxd1 d3 46.Qg1 d2 47.Qd1 Qg5 48.h4 Qe3 49.Qc2+ Kg7 50.Qc7+ Kf6
51.Qd8+ Kf5 52.Qd7+ Ke4 53.Qc6+ Kd4 54.Qd6+ Kc4 55.Qc6+ Qc5 56.Qe4+ Qd4  0-1

[Event "ch-Euro Youth b14"]
[Site "Albena BUL"]
[Date "2011.09.17"]
[Round "6.8"]
[White "Bellahcene,B"]
[Black "Bahmatsiy,V"]
[Result "1-0"]
[WhiteElo "2286"]
[BlackElo "1995"]

1.e4 c5 2.Nf3 Nc6 3.Nc3 e6 4.d4 cxd4 5.Nxd4 Nf6 6.Nxc6 bxc6 7.Bd3 d5 8.O-O Be7
9.Qe2 O-O 10.b3 Qa5 11.Bb2 Ba3 12.Bxa3 Qxa3 13.Kh1 Qb4 14.Qe1 Qe7 15.f4 d4
16.e5 Ng4 17.Ne4 c5 18.Qg3 f5 19.exf6 Nxf6 20.Qg5 Bb7 21.Qxc5 Qxc5 22.Nxc5 Bd5
23.Rae1 Rfe8 24.h3 Rac8 25.b4 Bxa2 26.Ra1 Bd5 27.Rxa7 Rb8 28.b5 Rec8 29.Nd7 Nxd7
30.Rxd7 Rd8 31.Rxd8+ Rxd8 32.Kh2 Rf8 33.Kg3 Rb8 34.Ra1 Bb7 35.Ra4 Rd8 36.Ra7 Rb8
37.Ra4 Rd8 38.Bc4 Rd6 39.f5 Bd5 40.Bxd5 Rxd5 41.fxe6 Kf8 42.Rb4 Ke7 43.b6 d3
44.cxd3 Rxd3+ 45.Kf4 Rd8 46.b7 Rb8 47.Ke5  1-0

[Event "TCh-Central Serbia 2011"]
[Site "Kraljevo SRB"]
[Date "2011.09.17"]
[Round "1"]
[White "Pavlovic,Dej"]
[Black "Arsovic,Z"]
[Result "1/2-1/2"]
[WhiteElo "2430"]
[BlackElo "2444"]

1.e4 c5 2.Nf3 e6 3.d4 cxd4 4.Nxd4 Nc6 5.Nc3 Qc7 6.Be3 Nf6 7.f4 d6 8.Qf3 a6
9.O-O-O Be7 10.g4 Nd7 11.f5 Nde5 12.Qg2 b5 13.Kb1 Nxd4 14.Bxd4 Bb7 15.a3 O-O
16.g5 exf5 17.Nd5 Bxd5 18.exd5 Rfe8 19.h4 Bf8 20.h5 g6 21.Rh3 Rac8 22.Qh2 Ng4
23.Qd2 Re4 24.c3 Ne5 25.Bg2 Nc4 26.Qf2 Rg4 27.hxg6 fxg6 28.Bf3 Rf4 29.Qh2 Rxd4
30.cxd4 Ne3 31.Rh1 Qc4 32.Qd2 Qb3 33.Bd1 Nc4 34.Bxb3 Nxd2+ 35.Ka2 Ne4 36.Rxh7 Bg7
37.R7h2 Bxd4 38.Rh6 Kf7 39.Rh7+ Bg7 40.Rg1 Kg8 41.Rh3  1/2-1/2

[Event "2nd Livigno Open A"]
[Site "Livigno ITA"]
[Date "2011.09.17"]
[Round "8.9"]
[White "Pacher,M"]
[Black "Brunello,S"]
[Result "0-1"]
[WhiteElo "2403"]
[BlackElo "2569"]

1.e4 c5 2.Nf3 e6 3.d4 cxd4 4.Nxd4 Nc6 5.Nc3 Qc7 6.Be3 a6 7.Qd2 Nf6 8.O-O-O Be7
9.f3 b5 10.g4 O-O 11.g5 Nh5 12.Nce2 Nxd4 13.Qxd4 f5 14.exf5 Rxf5 15.Qg4 Bb7
16.Nd4 Re5 17.Bd3 g6 18.Rhe1 Rf8 19.Kb1 Nf4 20.h4 Nxd3 21.Rxd3 Bd5 22.b3 Bc4
23.bxc4 bxc4 24.Rdd1 Rb8+ 25.Nb3 Rc8 26.Qg2 cxb3 27.axb3 Bb4 28.Re2 Bc3 29.b4 Ra5
30.bxa5 Qxa5  0-1

[Event "ch-Euro Youth b18"]
[Site "Albena BUL"]
[Date "2011.09.18"]
[Round "7.25"]
[White "Gera,Y"]
[Black "Ochsner,B"]
[Result "0-1"]
[WhiteElo "2033"]
[BlackElo "2252"]

1.e4 c5 2.Nf3 e6 3.d4 cxd4 4.Nxd4 Nc6 5.Nc3 Qc7 6.Be2 a6 7.O-O Nf6 8.Be3 Bb4
9.Nxc6 bxc6 10.Bf3 e5 11.Ne2 O-O 12.c4 Be7 13.Qc2 d6 14.h3 Be6 15.Rfd1 Rab8
16.b3 Nd7 17.Nc3 g6 18.Na4 Nf6 19.Rd2 Rfd8 20.Rad1 Kg7 21.Qc1 Rb4 22.Qc3 Rdb8
23.c5 d5 24.exd5 cxd5 25.Nb6 R4xb6  0-1

[Event "ch-Euro Youth b14"]
[Site "Albena BUL"]
[Date "2011.09.18"]
[Round "7.3"]
[White "Sanal,V"]
[Black "Harutyunian,T"]
[Result "1-0"]
[WhiteElo "2271"]
[BlackElo "2201"]

1.e4 c5 2.Nf3 e6 3.Nc3 Nc6 4.d4 cxd4 5.Nxd4 Qc7 6.g3 a6 7.Bg2 d6 8.O-O Bd7
9.Nce2 Nf6 10.c4 Nxd4 11.Qxd4 e5 12.Qd3 b5 13.cxb5 Bxb5 14.Qe3 Be7 15.a4 Bc6
16.Nc3 Qb7 17.Qd3 O-O 18.Be3 Rfc8 19.b4 Bd7 20.Rfb1 Bd8 21.Ra3 Ne8 22.Nd5 Be6
23.a5 Bxd5 24.exd5 Nc7 25.Rc3 Nb5 26.Rc6 Bf6 27.Rbc1 Nd4 28.Bxd4 exd4 29.Rxc8+ Rxc8
30.Rxc8+ Qxc8 31.Bf1 g6 32.Qxa6 Qxa6 33.Bxa6 d3 34.Bxd3 Bc3 35.a6 Bd4 36.Kg2 Kf8
37.f4 Ke7 38.Kf3 Ba7 39.h4 Bg1 40.h5 Ba7 41.h6 Bg1 42.g4 Kf6 43.g5+ Ke7 44.f5 Ba7
45.f6+ Kd8 46.Ke2 Kd7 47.Kd2 Kd8 48.Kc3 Kd7 49.Kc4 Kd8 50.Kb5 Kd7 51.Ka5 Be3
52.Bxg6 fxg6 53.f7 Ke7 54.Kb5 Kxf7 55.Kc6 Ke7 56.b5 Kd8 57.b6 Kc8  1-0

[Event "ch-Euro Youth g18"]
[Site "Albena BUL"]
[Date "2011.09.18"]
[Round "7.5"]
[White "Abdulla,K"]
[Black "Miladinovic,L"]
[Result "1-0"]
[WhiteElo "2230"]
[BlackElo "2094"]

1.e4 c5 2.Nf3 e6 3.d4 cxd4 4.Nxd4 Nc6 5.Nc3 Qc7 6.Be3 Nf6 7.f4 d6 8.Qf3 a6
9.O-O-O Be7 10.g4 Nd7 11.g5 b5 12.Bh3 Nc5 13.Nxc6 Qxc6 14.f5 b4 15.Ne2 Qxe4
16.Qf2 Rb8 17.f6 gxf6 18.gxf6 Bf8 19.Bxc5 dxc5 20.Bg2 Bh6+ 21.Kb1 Qe5 22.Bc6+ Bd7
23.Rxd7 O-O 24.Qg3+ Qxg3 25.Nxg3 Rb6 26.Bf3 c4 27.Ne4 Bf4 28.Rg1+ Kh8 29.Rg7 b3
30.Rgxf7 bxa2+ 31.Kxa2 Rxf7 32.Rd8+  1-0

[Event "ch-Euro Youth b18"]
[Site "Albena BUL"]
[Date "2011.09.18"]
[Round "7.6"]
[White "Ten Hertog,H"]
[Black "Firat,B"]
[Result "1-0"]
[WhiteElo "2318"]
[BlackElo "2387"]

1.e4 c5 2.Nf3 e6 3.d4 cxd4 4.Nxd4 Nc6 5.Nc3 d6 6.Be3 Nf6 7.f4 e5 8.Nxc6 bxc6
9.fxe5 Ng4 10.Bd4 dxe5 11.Bg1 Qa5 12.Bc4 Be7 13.Qf3 O-O 14.h3 Nf6 15.Be3 Be6
16.Bxe6 fxe6 17.O-O Rab8 18.Rab1 Bb4 19.Bd2 Rbd8 20.Qe2 Qc5+ 21.Be3 Qe7 22.Qc4 Nh5
23.Rxf8+ Rxf8 24.a3 Bd6 25.Qxc6 Nf4 26.Rd1 Nxh3+ 27.gxh3 Qh4 28.Kh2 Rf3 29.Qe8+ Bf8
30.Qxe6+ Kh8 31.Qg4 Qxg4 32.hxg4 Rxe3 33.Kg2 Kg8 34.Rd3 Re1 35.Kf2 Rc1 36.Rd2 Bc5+
37.Kg3 Bd4 38.Ne2 Rb1 39.Nxd4 exd4 40.b3 Rb2 41.Kf4 d3 42.Rxd3 Rxc2 43.Rd8+ Kf7
44.Rd7+ Kf6 45.Rxa7 g5+ 46.Ke3 Rc3+ 47.Kd4 Rxb3 48.e5+ Kg6 49.Ra6+ Kg7 50.Kd5 Rg3
51.Ra4 Kf7 52.e6+ Kf6 53.Re4 Ke7 54.a4 Rg1 55.Kc6 Rc1+ 56.Kb6 Rb1+ 57.Kc5 Rc1+
58.Kd5 Rg1 59.Ke5 h6 60.Rd4 Re1+ 61.Kd5 Ra1 62.Re4 Rd1+ 63.Kc4 Ra1 64.Kb4 Rb1+
65.Ka3 Ra1+ 66.Kb2 Rd1 67.a5 Rd5 68.Ra4 Kxe6 69.a6 Rd8 70.a7 Ra8 71.Kc3 Kf6
72.Kd4 Kg7 73.Ra6 Kh7 74.Kc5 Kg7 75.Kb6  1-0

[Event "TCh-FIN SM-Liiga 2011-12"]
[Site "Finland FIN"]
[Date "2011.09.18"]
[Round "2.6"]
[White "Pulkkinen,K"]
[Black "Olander,A"]
[Result "1-0"]
[WhiteElo "2263"]
[BlackElo "2074"]

1.e4 c5 2.Nf3 e6 3.d4 cxd4 4.Nxd4 Nc6 5.Nc3 Qc7 6.Be2 a6 7.Be3 Nf6 8.O-O Bb4
9.Nxc6 bxc6 10.f4 Bxc3 11.bxc3 Nxe4 12.Bf3 f5 13.Bxe4 fxe4 14.Bc5 d5 15.Rb1 a5
16.Qh5+ Qf7 17.Qe5 Qf6 18.Qc7 Ba6 19.Qxc6+ Kf7 20.Qd7+ Kg8 21.Bd4 Qf7 22.Qc6 Qe8
23.Qc7 Qf8 24.Rfe1 h6 25.Re3 Qf7 26.Qe5 Re8 27.Rg3 Re7 28.Qd6 e5 29.Bxe5 Rxe5
30.fxe5 Bc4 31.Qf6 Qxf6 32.exf6 g5 33.Rb8+ Kh7 34.Rxh8+ Kxh8 35.h4 Kg8 36.hxg5 hxg5
37.Rxg5+ Kf7 38.Rf5 Bxa2 39.g4  1-0

[Event "TCh-FIN SM-Liiga 2011-12"]
[Site "Joensuu FIN"]
[Date "2011.09.18"]
[Round "2.1"]
[White "Kiuttu,R"]
[Black "Volodin,Alek"]
[Result "1-0"]
[WhiteElo "2303"]
[BlackElo "2498"]

1.e4 c5 2.Nf3 e6 3.d4 cxd4 4.Nxd4 Nc6 5.Nc3 Qc7 6.Be2 Nf6 7.O-O a6 8.Be3 Bb4
9.Na4 O-O 10.Nxc6 bxc6 11.Nb6 Rb8 12.Nxc8 Rfxc8 13.Bxa6 Rd8 14.Bd3 Bd6 15.Kh1 Be5
16.c3 Rxb2 17.Qc1 Qb8 18.f4 Bc7 19.e5 Ng4 20.Bd4 d6 21.exd6 Bxd6 22.Qe1 c5
23.Bg1 Nf6 24.f5 e5 25.Rb1 Re8 26.Bc4 e4 27.Qc1 Rxb1 28.Qxb1 Qc7 29.Rf2 h6
30.Rb2 Re7 31.Qd1 Bf4 32.Rb5 e3 33.Qf3 Ne4 34.g3 Bg5 35.Bd3 Qc6 36.Rb8+ Kh7
37.Kg2 c4 38.Be2 Qd6 39.Rb2 Nd2 40.Qa8 Qe5 41.Rb8 Qxf5 42.h4 Bf6 43.Rh8+ Kg6
44.h5+ Kg5 45.Re8 Qc5 46.Rd8 Re5 47.Rd4 Qc7 48.Rd5 Qb6 49.Qc8  1-0

[Event "TCh-Central Serbia 2011"]
[Site "Kraljevo SRB"]
[Date "2011.09.18"]
[Round "2"]
[White "Nestorovic,N"]
[Black "Solomunovic,I"]
[Result "1-0"]
[WhiteElo "2464"]
[BlackElo "2402"]

1.e4 c5 2.Nf3 e6 3.d4 cxd4 4.Nxd4 Nc6 5.Nc3 Qc7 6.Be3 a6 7.Qd2 Nf6 8.O-O-O Be7
9.f3 O-O 10.g4 b5 11.g5 Ne8 12.Nxc6 Qxc6 13.Ne2 Nd6 14.Nd4 Qc7 15.h4 Bb7
16.h5 Rfc8 17.Bd3 Nc4 18.Bxc4 Qxc4 19.Kb1 b4 20.Qh2 a5 21.g6 h6 22.gxf7+ Kxf7
23.Rhg1 d6 24.b3 Qc3 25.Rd3 Qc7 26.Rxg7+ Kxg7 27.Nxe6+ Kf7 28.Nxc7 Rxc7 29.Qf4+ Ke8
30.Qxh6 Rac8 31.Qg6+ Kd7 32.Qf5+ Ke8 33.Rd2 a4 34.h6 axb3 35.axb3  1-0

[Event "ch-Euro Youth b18"]
[Site "Albena BUL"]
[Date "2011.09.19"]
[Round "8.25"]
[White "Kotainy,J"]
[Black "Potpara,N"]
[Result "1-0"]
[WhiteElo "2406"]
[BlackElo "2181"]

1.e4 c5 2.Nf3 e6 3.d4 cxd4 4.Nxd4 Nc6 5.Nc3 Qc7 6.Be3 Nf6 7.f3 a6 8.Qd2 Be7
9.O-O-O O-O 10.g4 b5 11.g5 Nh5 12.Nce2 Rd8 13.Kb1 e5 14.Nf5 d5 15.Nxe7+ Nxe7
16.Ng3 Nf4 17.Bxf4 exf4 18.Nh5 Bg4 19.fxg4 dxe4 20.Qc1 Rxd1 21.Qxd1 Rd8 22.Qe1 Qd6
23.Be2 f3 24.Qc3 f6 25.Qb3+ Nd5 26.Bd1 fxg5 27.Ng3 Qe5 28.Nxe4 Kh8 29.Bxf3 a5
30.Ng3 a4 31.Qd3 b4 32.Bxd5 Rxd5 33.Rf1 g6 34.Qe4 Qd6 35.Kc1 Re5 36.Qf3 Kg7
37.Qf7+ Kh6 38.Qf8+ Qxf8 39.Rxf8 Re1+ 40.Kd2  1-0

[Event "TCh-Central Serbia 2011"]
[Site "Kraljevo SRB"]
[Date "2011.09.19"]
[Round "4"]
[White "Milenkovic,Ml"]
[Black "Rajkovic,Du"]
[Result "1-0"]
[WhiteElo "2396"]
[BlackElo "2415"]

1.e4 c5 2.Nf3 e6 3.d4 cxd4 4.Nxd4 Nc6 5.Nc3 Qc7 6.Be3 Nf6 7.Be2 Be7 8.O-O O-O
9.Kh1 d6 10.f4 a6 11.Qe1 Nxd4 12.Bxd4 Nd7 13.Qg3 Bf6 14.Bxf6 Nxf6 15.Bd3 b5
16.e5 dxe5 17.fxe5 Nd7 18.Ne4 f5 19.exf6 Qxg3 20.Nxg3 gxf6 21.a4 bxa4 22.Rxa4 f5
23.b4 Ne5 24.Be2 Bb7 25.Ra5 Nc6 26.Rc5 f4 27.Nh5 Nd4 28.Bg4 f3 29.gxf3 Nxf3
30.Bxe6+ Kh8 31.Bd5 Rab8 32.Bxb7 Rxb7 33.Rxf3  1-0

[Event "ch-Euro Youth b18"]
[Site "Albena BUL"]
[Date "2011.09.20"]
[Round "9.10"]
[White "Weichhold,P"]
[Black "Firat,B"]
[Result "1/2-1/2"]
[WhiteElo "2288"]
[BlackElo "2387"]

1.e4 c5 2.Nf3 e6 3.d4 cxd4 4.Nxd4 Nc6 5.Nc3 Qc7 6.Be3 a6 7.Bd3 b5 8.Nxc6 Qxc6
9.O-O Bb7 10.f3 Qc7 11.Kh1 Nf6 12.Qe1 Be7 13.a4 b4 14.Na2 d5 15.exd5 Nxd5
16.Bd2 a5 17.c3 bxc3 18.Nxc3 Nb4 19.Bb5+ Kf8 20.Rc1 Qb8 21.Be3 h5 22.Qf2 h4
23.h3 Qe5 24.Rfd1 Rc8 25.Rd7 Ba8 26.Re1 Qf5 27.Bd4 Bg5 28.Bb6 Bf4 29.Red1 Nd5
30.Bxa5 Be5 31.Nxd5 Bxd5 32.Bc3 Rh5 33.Bxe5 Qxe5 34.Re1 Qf5 35.Qe3 g6 36.Bd3 Qf6
37.Qf2 Rb8 38.Re2 Qf4 39.Qc5+ Kg8 40.Qc7 Qxc7 41.Rxc7 Rb4 42.Ra7 Rb3 43.Be4 Bxe4
44.fxe4 Rc5 45.Kh2 Rc1 46.Rd7  1/2-1/2

[Event "4th Mumbai Mayors Cup"]
[Site "Mumbai IND"]
[Date "2011.09.20"]
[Round "7"]
[White "Navin,K"]
[Black "Himanshu,Sh"]
[Result "1-0"]
[WhiteElo "2342"]
[BlackElo "2421"]

1.e4 c5 2.Nf3 e6 3.d4 cxd4 4.Nxd4 Nc6 5.Nc3 Qc7 6.Be3 a6 7.Qd2 Nf6 8.f3 b5
9.g4 h6 10.Nxc6 dxc6 11.O-O-O e5 12.h4 Be6 13.Kb1 Be7 14.Qf2 a5 15.Bh3 h5
16.g5 Nd7 17.g6 Nf6 18.gxf7+ Bxf7 19.Rhg1 a4 20.Rxg7 b4 21.Ne2 Qa5 22.Nc1 c5
23.Qg3 c4 24.Be6 Bxe6 25.Qg6+ Kf8 26.Bg5 Qc5 27.Bxf6 Rg8 28.Rxg8+ Bxg8 29.Bg7+  1-0

[Event "4th Mumbai Mayors Cup"]
[Site "Mumbai IND"]
[Date "2011.09.20"]
[Round "7"]
[White "Satyapragyan,S"]
[Black "Sethuraman,S"]
[Result "0-1"]
[WhiteElo "2415"]
[BlackElo "2529"]

1.e4 c5 2.Nc3 e6 3.Nf3 Nc6 4.d4 cxd4 5.Nxd4 Qc7 6.Be3 a6 7.Qd2 Nf6 8.f3 Bb4
9.a3 Be7 10.g4 O-O 11.g5 Ne8 12.Rg1 b5 13.Nce2 Bb7 14.Ng3 d5 15.Nxc6 Bxc6
16.O-O-O Rd8 17.e5 b4 18.axb4 Rb8 19.c3 a5 20.b5 Bxb5 21.Nh5 Bxf1 22.Rdxf1 a4
23.Qc2 a3 24.b3 g6 25.Nf6+ Nxf6 26.exf6 Bd6 27.Rg4 Rfc8 28.Bd2 Be5 29.Kb1 d4
30.Ka2 dxc3 31.Bc1 Qb6 32.h4 Rb7 33.Re1 Qa5 34.Ra4 Qd5 35.Bxa3 Rxb3 36.Ka1 Rb2  0-1

[Event "TCh-Central Serbia 2011"]
[Site "Kraljevo SRB"]
[Date "2011.09.22"]
[Round "8.2"]
[White "Stojanovski,D"]
[Black "Vratonjic,S"]
[Result "1/2-1/2"]
[WhiteElo "2427"]
[BlackElo "2396"]

1.e4 c5 2.Nf3 e6 3.Nc3 Nc6 4.d4 cxd4 5.Nxd4 Qc7 6.Nb3 Nf6 7.Bd3 a6 8.O-O b5
9.a3 Be7 10.f4 d6 11.Bd2 Bb7 12.Qf3 b4 13.axb4 Nxb4 14.Na5 O-O 15.Rfc1  1/2-1/2

[Event "2nd Biella Open A"]
[Site "Biella ITA"]
[Date "2011.09.23"]
[Round "1.10"]
[White "Guzzetti,L"]
[Black "Zozulia,A"]
[Result "1/2-1/2"]
[WhiteElo "1955"]
[BlackElo "2377"]

1.e4 c5 2.Nf3 e6 3.d4 cxd4 4.Nxd4 Nc6 5.Nc3 Qc7 6.Be2 a6 7.a3 b5 8.O-O Bb7
9.Be3 Nf6 10.f4 d6 11.Qd2 h5 12.Rad1 Rd8 13.Bf3 Be7 14.Nxc6 Bxc6 15.Bf2 d5
16.e5 Nd7 17.Ne2 g6 18.Qc3 Rc8 19.Nd4 Bb7 20.Qxc7 Rxc7 21.c3 Nc5 22.Rd2 O-O
23.h3 h4 24.Be3 Bc8 25.Kh2 Kg7 26.Rg1 f6 27.Re2 Bd7 28.Bf2 fxe5 29.fxe5 Nd3
30.Be3 Kh7 31.Bg4 Nxe5 32.Bxe6 Bd6 33.Kh1 Nc4 34.Bxd5 Nxe3 35.Rxe3 Rf2 36.Re2 Rxe2
37.Nxe2 Bc5 38.Rd1 Bf5 39.Nd4 Re7 40.Nxf5 gxf5 41.Bf3  1/2-1/2

[Event "TCh-Central Serbia 2011"]
[Site "Kraljevo SRB"]
[Date "2011.09.23"]
[Round "9.2"]
[White "Milenkovic,Ml"]
[Black "Arsovic,Z"]
[Result "1/2-1/2"]
[WhiteElo "2396"]
[BlackElo "2444"]

1.e4 c5 2.Nc3 Nc6 3.Nge2 e6 4.d4 cxd4 5.Nxd4 Qc7 6.Be3 Nf6 7.Be2 Be7 8.O-O a6
9.f4 d6 10.Kh1 O-O 11.Qe1 Nxd4 12.Bxd4 b5 13.Qg3 Bb7 14.a3 Rfe8  1/2-1/2

[Event "4th Mumbai Mayors Cup"]
[Site "Mumbai IND"]
[Date "2011.09.23"]
[Round "10"]
[White "Shyam,N"]
[Black "Kunte,A"]
[Result "1/2-1/2"]
[WhiteElo "2418"]
[BlackElo "2528"]

1.e4 c5 2.Nf3 e6 3.d4 cxd4 4.Nxd4 Nc6 5.Nc3 d6 6.Be2 Nf6 7.O-O Be7 8.Kh1 O-O
9.f4 Bd7 10.Be3 Nxd4 11.Qxd4 Bc6 12.Bf3 Qc7 13.a4 a6 14.Rad1 Rac8 15.Rd2 Nd7
16.Qd3 Nc5 17.Bxc5 dxc5 18.e5 Rcd8 19.Qe2 Bxf3 20.Rxf3 c4 21.Rxd8 Rxd8 22.h3 Qc6
23.b3 cxb3 24.cxb3 Bb4 25.Qe4 Qxe4 26.Nxe4 Rd1+ 27.Kh2 h6 28.Re3 Rd4 29.Kg3 Kf8
30.Kf3 Ke7 31.Nf2 Rd2 32.Re2 Rd5 33.Re3 Rd2 34.Re2 Rd5 35.Re3 Kd7 36.Rd3 Kc6
37.Ke4 Be1 38.Nd1 Rxd3 39.Kxd3 Kc5 40.Nb2 Bg3 41.Ke4 Kb4 42.Nd3+ Kxb3 43.Nc5+ Kb4
44.Nxb7 Kxa4 45.Nd8 Kb4 46.Nxf7 a5 47.Nd8 a4 48.Nxe6 a3 49.Nd4 a2 50.e6 Bh4
51.Kd3 Kc5 52.Nb3+ Kd6 53.Kc2 Bf6 54.f5 a1=Q 55.Nxa1 Bxa1 56.Kd3 Bf6 57.Ke4 h5
58.g4 hxg4 59.hxg4 Bg5 60.Kd4 Ke7 61.Ke5 Bc1 62.Kd5 Bd2 63.Ke5 Bc1 64.Kd5 Kf6
65.Kd6 Ba3+ 66.Kd7  1/2-1/2

[Event "2nd Biella Open A"]
[Site "Biella ITA"]
[Date "2011.09.24"]
[Round "3.7"]
[White "Aghayev,M"]
[Black "Zozulia,A"]
[Result "1/2-1/2"]
[WhiteElo "2112"]
[BlackElo "2377"]

1.e4 c5 2.Nf3 e6 3.Nc3 Nc6 4.d4 cxd4 5.Nxd4 Qc7 6.Be2 a6 7.O-O b5 8.a3 Bb7
9.Kh1 Nf6 10.f4 Nxd4 11.Qxd4 Bc5 12.Qd3 d6 13.Be3 O-O 14.Bf3 Bxe3 15.Qxe3 Nd7
16.Rad1 Rfd8 17.Rd4 e5 18.Rd2 exf4 19.Qxf4 Ne5 20.Be2 Qc5 21.Bd3 Re8 22.Ne2 Rad8
23.Ng3 Bc8 24.Be2 Be6 25.Rfd1 a5 26.Qg5 h6 27.Qh5 b4 28.axb4 axb4 29.Nf5 Bxf5
30.exf5 Qe3 31.Bf1 Qf4 32.Rd4 Qf2 33.R4d2 Qf4 34.Rd4 Qf2 35.R4d2 Qf4  1/2-1/2

[Event "Sub-Zonal 2.3.4 2011"]
[Site "Pereira COL"]
[Date "2011.09.24"]
[Round "3"]
[White "Escobar Forero,A"]
[Black "Morales,Jo"]
[Result "1-0"]
[WhiteElo "2466"]
[BlackElo "2330"]

1.e4 c5 2.Nf3 e6 3.d4 cxd4 4.Nxd4 Nc6 5.Nc3 Qc7 6.f4 a6 7.Nf3 d6 8.Bd3 Nf6
9.O-O Be7 10.Qe1 Nd7 11.Qg3 O-O 12.f5 Nce5 13.Nxe5 dxe5 14.Bh6 Bf6 15.fxe6 fxe6
16.Nd1 Kh8 17.Bd2 Be7 18.Ne3 Nf6 19.Bc3 Bd7 20.Rf3 Bd6 21.Raf1 b5 22.Qh4 Kg8
23.Rg3 Kh8 24.Rgf3 Rae8 25.g4 Ng8 26.g5 Bc5 27.Rxf8 Rxf8 28.Rxf8 Bxf8 29.Ng4 Bd6
30.Qg3 Ne7 31.Bxe5 Qc5+ 32.Kg2 Nc8 33.h4 Bxe5 34.Qxe5 Qxe5 35.Nxe5 Nb6 36.Kf2 Kg8
37.Ke3 Kf8 38.Kd4 Ke7 39.b3 Kd6 40.c4 bxc4 41.bxc4 Na4 42.Nxd7 Kxd7 43.Bc2 Nb6
44.c5 Na8 45.Ba4+ Ke7 46.Bc6 Nc7 47.Ke5 a5 48.Ba4 Na6 49.c6 h6 50.Bb5 Nc7
51.Bc4 hxg5 52.hxg5 Ne8 53.Bxe6  1-0

[Event "Campomanes Mem GM"]
[Site "Yangon MYA"]
[Date "2011.09.24"]
[Round "4"]
[White "Goh Weiming"]
[Black "Myo Naing"]
[Result "1-0"]
[WhiteElo "2449"]
[BlackElo "2317"]

1.e4 c5 2.Nc3 Nc6 3.Nf3 e6 4.d4 cxd4 5.Nxd4 d6 6.Be3 Nf6 7.f4 a6 8.Qf3 Bd7
9.O-O-O Qc7 10.Nb3 Be7 11.g4 h6 12.h4 d5 13.e5 Ne4 14.Nxe4 dxe4 15.Qf2 Nb4
16.Kb1 Rc8 17.c3 Nd5 18.Bd4 Ba4 19.Bg2 Qc4 20.Bxe4 Bxb3 21.axb3 Qxb3 22.f5 O-O
23.f6 gxf6 24.exf6 Bc5 25.Bxd5 Qxd5 26.Rhe1 Bxd4 27.Rxd4 Qb5 28.Qf4 Kh7 29.Qe4+ Kh8
30.Rb4 Qd5 31.Qf4 Kh7 32.Re5 Qd3+ 33.Ka2 b5 34.Rd4 Qc2 35.Rd2 Rc4 36.Qxc4 Qxd2
37.Qe4+ Kg8 38.Rxe6 a5 39.Re8 Qd6 40.Qa8 Qe6+ 41.Rxe6 Rxa8 42.Rb6 Kh7 43.Rxb5 Kg6
44.g5 Re8 45.Rxa5 Re4 46.h5+ Kxh5 47.gxh6+ Kxh6 48.Rf5  1-0

[Event "TCh-Central Serbia 2011"]
[Site "Kraljevo SRB"]
[Date "2011.09.25"]
[Round "11.6"]
[White "Stojanovski,D"]
[Black "Rajkovic,Du"]
[Result "0-1"]
[WhiteElo "2427"]
[BlackElo "2415"]

1.e4 c5 2.Nf3 e6 3.Nc3 Nc6 4.d4 cxd4 5.Nxd4 Qc7 6.Nb3 Nf6 7.Bd3 a6 8.O-O Be7
9.f4 d6 10.Qf3 h5 11.Bd2 b5 12.a4 b4 13.Nd1 Rb8 14.Ne3 h4 15.Nc4 h3 16.g3 Nxe4
17.Bxe4 d5 18.Bxd5 exd5 19.Ne3 Qa7 20.Qf2 Rh5 21.g4 Rh6 22.Nxd5 Qxf2+ 23.Kxf2 Bh4+
24.Kg1 Bxg4 25.f5 Rh5 26.Nc7+ Kf8 27.Nxa6 Rd8 28.Nxb4 Ne5 29.a5 Nf3+ 30.Kh1 Nxd2
31.Nxd2 Rxd2 32.a6 Bf2  0-1

[Event "TCh-Central Serbia 2011"]
[Site "Kraljevo SRB"]
[Date "2011.09.25"]
[Round "11.1"]
[White "Radulski,J"]
[Black "Pantelic,Sa"]
[Result "1-0"]
[WhiteElo "2572"]
[BlackElo "2334"]

1.e4 c5 2.Nc3 e6 3.Nf3 Nc6 4.d4 cxd4 5.Nxd4 a6 6.Nxc6 bxc6 7.Bd3 e5 8.O-O Nf6
9.f4 d6 10.Qf3 Be7 11.fxe5 dxe5 12.Be3 O-O 13.Na4 Be6 14.b3 Nd7 15.Rad1 Bg5
16.Rd2 Bxe3+ 17.Qxe3 Qa5 18.Be2 Nf6 19.Rfd1 Bg4 20.Bxg4 Nxg4 21.Qb6 Qxb6+
22.Nxb6 Ra7 23.Rd6 Rc7 24.Nd7 Re8 25.R1d3 f5 26.exf5 e4 27.Rg3 e3 28.Kf1 Nxh2+
29.Ke2 Kf7 30.f6 gxf6 31.Rxf6+ Ke7 32.Rg7+ Kd8 33.Rd6 Kc8 34.Nb6+ Kb7 35.Rdd7 Rxd7
36.Nxd7 Rd8 37.Rxh7 Ng4 38.Ne5+  1-0